Loading...
Kavitha oru valiya sathyamanu
| Main Authors: | , |
|---|---|
| Format: | Printed Book |
| Udgivet: |
Kozhikode
Poorna
2011
|
| LEADER | 00450nam a22001337a 4500 | ||
|---|---|---|---|
| 082 | |a 854.5 |b ACH/K | ||
| 100 | |a Achuthan Namboothiri, Akkitham | ||
| 100 | |a Akkitham Achuthan Namboothiri | ||
| 245 | |a Kavitha oru valiya sathyamanu | ||
| 260 | |a Kozhikode |b Poorna |c 2011 | ||
| 300 | |a 192p. | ||
| 942 | |c BK | ||
| 999 | |c 314578 |d 314578 | ||
| 952 | |0 0 |1 0 |4 0 |6 854_500000000000000_ACH_K |7 0 |9 336407 |a DKS |b DKS |d 2020-11-26 |l 0 |o 854.5 ACH/K |p DKS12400 |r 2020-11-26 |w 2020-11-26 |y BK | ||